000 01170cad a22002175a 4500
001 E150562
008 100715s2010 xxk s000 0 eng d
020 _a9780755995004
035 _a(Sirsi) u150562
041 0 _aeng
110 2 _aScotland
_bScottish Government
_95344
245 0 0 _aConsultation on extending the coverage of the Freedom of Information (Scotland) Act 2002
_h[electronic resource]
260 _aEdinburgh
_bScottish Government
_c2010
520 _aSeeks views on the proposed extension of the Freedom of Information (Scotland) Act 2002 to cover private organisations who provide a public service, including the Glasgow Housing Association; contractors who build and maintain schools; contractors who build and maintain hospitals; and contractors who build, manage and maintain trunk roads under private finance contracts.
590 _aKA
650 2 4 _aFREEDOM OF INFORMATION (SCOTLAND) ACT 2002
651 4 _aScotland
_y1999-
690 _aMANAGEMENT-BUSINESS MANAGEMENT-INFORMATION MANAGEMENT
856 4 0 _uhttps://www.scotland.gov.uk/Publications/2010/07/20123725/0
_zView the consultation free of charge at www.scotland.gov.uk
942 _n0
999 _c110909
_d110909